000 00590nam a2200217Ia 4500
003 GCL
008 140319s9999 xx 000 0 ara d
040 _aGCL /
_cGCL
082 0 4 _a740
_bس ز
100 1 _aسمر شرف الدين
245 1 0 _aزخارف اسلامية /
_cسمر شرف الدين
300 _a37 ص
490 _a
650 0 4 _aالفنون
650 0 4 _aالزخرفة
650 0 4 _aالفن الزخرفى
650 0 4 _aالتصميم الزخرفى
650 0 4 _aالنقوش الاسلامية
650 0 4 _aالفن الاسلامى
942 _2ddc
_cBK
999 _c44510
_d44510